000 00447nam a2200181Ia 4500
001 4123
005 20260306145732.0
008 260306t2006||||xx |||||||||||||| ||spa||
041 _aESP
082 _a306.85
_bP19B
100 _aArtola González, Teresa
_eAUT
245 0 _aCómo desarrollar la creatividad en los niños
260 _c2006
300 _a161 páginas :
_c19 cm.
650 _aGEN
654 _aCED
942 _cLIB
_dJUS
_fJUS
_2ddc
_n
999 _c4123
_d4123